| 000 | 01367cam a2200253 4500 | ||
|---|---|---|---|
| 001 | WB4020-05 | ||
| 008 | 040524n2004 000 0 eng u | ||
| 035 | _a(Sirsi) u126275 | ||
| 245 | _aEnergy Efficiency Commitment consultation | ||
| 260 | _c2004 | ||
| 490 |
_aDEFRA News Release _v(194/04) 21 May 2004 (2) |
||
| 520 | _aDEFRA is consulting on the government's proposals to extend the Energy Efficiency Commitment (EEC) post-2005. The EEC's next phase running from 1 April 2005 for six years will require electricity and gas suppliers to provide increased help to their consumers to save energy. The EEC is key to the government's carbon abatement objectives in the household sector and also contributes to the alleviation of fuel poverty by requiring suppliers to focus about half their energy efficiency activity on low-income consumers. The EEC consultation is available at http://www.defra.gov.uk/corporate/consult/eec/inde x.htm. The response deadline is 13 August 2004. http://www.defra.gov.uk/news/2004/040521a.htm | ||
| 590 | _aWB | ||
| 590 | _aWB | ||
| 600 | _aLOFT INSULATION | ||
| 650 | _aENERGY EFFICIENCY COMMITMENT | ||
| 650 | _aCAVITY WALL INSULATION | ||
| 650 | _aENERGY SAVINGS | ||
| 650 | _aELECTRICITY SUPPLY INDUSTRY | ||
| 650 | _aGAS SUPPLIERS | ||
| 650 | _aCARBON ABATEMENT | ||
| 690 | _aENERGY-EFFICIENCY | ||
| 942 | _n0 | ||
| 999 |
_c117392 _d117392 |
||